000 00598nam a2200229Ia 4500
003 OSt
005 20220924143144.0
006 a|||||r|||| 00| 0
007 ta
008 220923b |||||||| |||| 00| 0 ori d
024 _a306972
037 _cTextual
040 _aARTS
_cARTS
_bORI
041 _2ORI
_aORI
082 _aO152,1x, 1591K4
100 _aPattanayak Gokula Nanda
_9214937
245 0 _aJanaki Ballabha Bilas
260 _c1964
650 _aENGLISH LITERATURE
942 _hO152,1x, 1591K4
_cTEXL
_2CC
999 _c453411
_d453411